000 00474pab a2200169 454500
008 180718b2001 xxu||||| |||| 00| 0 eng d
100 _aDenscombe, Martyn
245 _aUncertain identities and health risking behaviour: the case of young people and smoking in late modernity
260 _c2001
300 _ap.157-77
362 _aMar
650 _aHealth services
650 _aYouth
650 _aSmoking
773 _aBritish Journal of Sociology
909 _a48261
999 _c48261
_d48261